[Event "Tournoi Skype 029A"]
[Site "Skype"]
[Date "????.??.??"]
[Round "4.4"]
[White "Lopez, Jose Luis"]
[Black "Silva, Rodrigo Souza"]
[Result "1/2-1/2"]
[WhiteElo "1730"]
[BlackElo "1814"]
[PlyCount "117"]

1. e4 c5 2. Nc3 Nc6 3. f4 Nd4 4. Nf3 g6 5. Bc4 d6 6. Nxd4 cxd4 7. Ne2 Bg7 8. d3
Qa5+ 9. Bd2 Qb6 10. Bb3 Nf6 11. O-O O-O 12. h3 Nxe4 13. dxe4 d3+ 14. Kh1 dxe2
15. Qxe2 e6 16. c3 Bd7 17. Be3 Qc7 18. Bd4 Bc6 19. Bxg7 Kxg7 20. Rad1 Rad8 21.
f5 exf5 22. exf5 gxf5 23. Rxf5 Kh8 24. Qf2 Qd7 25. Bd5 Rde8 26. Qd4+ Re5 27.
Rxe5 dxe5 28. Bxc6 Qxc6 29. Qxe5+ f6 30. Qd6 Qxd6 31. Rxd6 Rf7 32. Kg1 Kg7 33.
Kf2 b5 34. Ra6 Rd7 35. Ke3 Kg6 36. a4 bxa4 37. Rxa4 Re7+ 38. Kf3 Rd7 39. Rd4
Rc7 40. g4 h5 41. Kf4 hxg4 42. hxg4 Rc6 43. Ke4 Rc5 44. Ra4 a5 45. b4 axb4 46.
cxb4 Rc4+ 47. Kf3 Rc3+ 48. Kf4 Rc4+ 49. Kg3 Rc3+ 50. Kh4 Rb3 51. Ra8 Rxb4 52.
Ra5 Rc4 53. Kg3 Rb4 54. Rc5 Ra4 55. Rb5 Rc4 56. Ra5 Rb4 57. Rc5 Ra4 58. Rb5 Rc4
59. Ra5 1/2-1/2

[Event "Tournoi Skype 029A"]
[Site "Skype"]
[Date "????.??.??"]
[Round "4.5"]
[White "Deville, Olivier"]
[Black "Lucena Vaz, Jose"]
[Result "1-0"]
[WhiteElo "1807"]
[BlackElo "1674"]
[PlyCount "79"]

1. d4 Nf6 2. c4 g6 3. Nc3 Bg7 4. e4 d6 5. Nf3 O-O 6. Be2 e5 7. Be3 Nc6 8. d5
Nb8 9. Nd2 c5 10. dxc6 bxc6 11. b4 Nbd7 12. Nb3 Qc7 13. Qd2 Rb8 14. a3 c5 15.
b5 Bb7 16. f3 a6 17. a4 Nh5 18. O-O f5 19. Rfd1 f4 20. Bf2 Rf6 21. bxa6 Bxa6
22. Nd5 Qd8 23. Nxf6+ Bxf6 24. Na5 Rb6 25. Rab1 Be7 26. Be1 Bc8 27. Nb3 Ra6 28.
a5 Nb8 29. Na1 Nc6 30. Nc2 Nxa5 31. Rb8 Nc6 32. Rbb1 Bh4 33. Qxd6 Nd4 34. Qxd8+
Bxd8 35. Nxd4 exd4 36. Rb8 Rc6 37. Ra1 Nf6 38. Raa8 Kf7 39. Rxc8 Rxc8 40. Rxc8
1-0

[Event "Tournoi Skype 029A"]
[Site "Skype"]
[Date "????.??.??"]
[Round "4.6"]
[White "Caputi, Giuliano"]
[Black "Mesa Garcia, Angel"]
[Result "0-1"]
[WhiteElo "1782"]
[BlackElo "1638"]
[PlyCount "126"]

1. e4 c6 2. d4 d5 3. e5 Bf5 4. Nf3 e6 5. Be2 h6 6. c3 Ne7 7. Be3 Nd7 8. Nbd2
Qb6 9. b4 Bh7 10. Nb3 Nf5 11. Bd2 Be7 12. a4 Nh4 13. Nxh4 Bxh4 14. O-O O-O 15.
a5 Qd8 16. Nc5 Nxc5 17. bxc5 a6 18. Be3 f6 19. g3 fxe5 20. gxh4 Qxh4 21. f3 Rf5
22. Qe1 Qf6 23. Qg3 exd4 24. cxd4 Rf8 25. Bd3 Rxf3 26. Bxh7+ Kxh7 27. Rxf3 Qxf3
28. Qxf3 Rxf3 29. Bf2 Rb3 30. Re1 Rb5 31. Rxe6 Rxa5 32. Re2 Rb5 33. h4 Kg6 34.
Kg2 Kf5 35. Kf3 Rb3+ 36. Be3 g5 37. hxg5 hxg5 38. Kg2 Ke4 39. Bf2+ Kf4 40. Bg1
g4 41. Re8 Rb2+ 42. Bf2 Rb3 43. Rf8+ Ke4 44. Rf7 a5 45. Re7+ Kf4 46. Re2 a4 47.
Ra2 a3 48. Kf1 Ke4 49. Kg2 Kf4 50. Kf1 g3 51. Be1 Ke4 52. Bd2 g2+ 53. Kxg2 Rb2
54. Rxa3 Rxd2+ 55. Kf1 Kxd4 56. Rb3 Kxc5 57. Rxb7 Kc4 58. Ke1 Ra2 59. Kd1 c5
60. Rc7 d4 61. Kc1 d3 62. Rc8 Kd4 63. Rd8+ Kc3 0-1

[Event "Tournoi Skype 029A"]
[Site "Skype"]
[Date "????.??.??"]
[Round "4.7"]
[White "Barrios Chamorro, Jesus Adrian"]
[Black "Elias, Roberto"]
[Result "0-1"]
[WhiteElo "1589"]
[BlackElo "1782"]
[PlyCount "80"]

1. b3 e5 2. Bb2 Nc6 3. e4 Nf6 4. d3 d5 5. exd5 Nxd5 6. Nf3 Bg4 7. h3 Bb4+ 8. c3
Bxf3 9. Qxf3 Bc5 10. Nd2 O-O 11. Be2 f5 12. O-O Nf4 13. d4 Nxe2+ 14. Qxe2 Bd6
15. d5 Ne7 16. c4 Ng6 17. Nf3 Nf4 18. Qe3 e4 19. Ne5 Qg5 20. g3 Nxh3+ 21. Kg2
Qxe3 22. fxe3 Ng5 23. g4 Rae8 24. Nd7 Rf7 25. c5 Rxd7 26. cxd6 fxg4 27. dxc7
Rxc7 28. Rac1 Rd7 29. Rf5 Nf3 30. Kg3 g6 31. Rxf3 gxf3 32. Rd1 g5 33. d6 h5 34.
Ba3 Kf7 35. Rd5 Kg6 36. Rc5 Rxd6 37. Rxg5+ Kxg5 38. Bxd6 h4+ 39. Kf2 Kg4 40.
Bf4 Rc8 0-1

[Event "Tournoi Skype 029A"]
[Site "Skype"]
[Date "????.??.??"]
[Round "4.8"]
[White "Altinok, Selim"]
[Black "Montalvo, Mario"]
[Result "1/2-1/2"]
[WhiteElo "1536"]
[BlackElo "1800"]
[PlyCount "44"]

1. Nf3 Nf6 2. d4 g6 3. c4 Bg7 4. Nc3 O-O 5. e4 d6 6. Be2 e5 7. dxe5 dxe5 8.
Qxd8 Rxd8 9. Bg5 c6 10. O-O h6 11. Bxf6 Bxf6 12. Rad1 Nd7 13. Rd2 Re8 14. Na4
Nf8 15. Rfd1 Ne6 16. g3 Nd4 17. Nxd4 exd4 18. Bf3 Rb8 19. Nc5 b6 20. Nd3 c5 21.
h4 Bb7 22. Re2 g5 1/2-1/2

[Event "Tournoi Skype 029A"]
[Site "Skype"]
[Date "????.??.??"]
[Round "4.9"]
[White "Saponara, Jose Maria"]
[Black "Sanchez Ruiz, Piedad Esmeralda"]
[Result "1/2-1/2"]
[WhiteElo "1524"]
[BlackElo "1706"]
[PlyCount "48"]

1. e4 c5 2. Nf3 e6 3. d4 cxd4 4. Nxd4 a6 5. c4 Nf6 6. Nc3 d6 7. Bd3 Be7 8. O-O
Nbd7 9. Be3 O-O 10. f4 Qc7 11. Qe2 b6 12. Rac1 Bb7 13. a4 Nc5 14. Bf2 Nxd3 15.
Qxd3 Rfc8 16. b3 Qd8 17. Nde2 d5 18. cxd5 exd5 19. exd5 Nxd5 20. Nxd5 Qxd5 21.
Qxd5 Bxd5 22. Bxb6 Bxb3 23. a5 Bf6 24. Nd4 Bxd4+ 1/2-1/2

[Event "Tournoi Skype 029A"]
[Site "Skype"]
[Date "????.??.??"]
[Round "4.10"]
[White "Quintero Gemio, Antonio Joaquin"]
[Black "Sanchez Ruiz, Justo"]
[Result "1-0"]
[WhiteElo "1705"]
[BlackElo "1526"]
[PlyCount "43"]

1. d4 e6 2. c4 f5 3. Nc3 Nf6 4. Bg5 Be7 5. Nf3 O-O 6. e3 b6 7. Qc2 Bb7 8. Be2
Qe8 9. O-O-O Nc6 10. a3 Bd8 11. h4 Ne7 12. Bxf6 gxf6 13. Rh3 Kh8 14. Rg1 Rg8
15. d5 Qg6 16. Rg3 Qh6 17. Rxg8+ Nxg8 18. g4 fxg4 19. Rxg4 f5 20. Rg1 Bf6 21.
Nb5 c6 22. Nd6 1-0

[Event "Tournoi Skype 029A"]
[Site "Skype"]
[Date "????.??.??"]
[Round "4.11"]
[White "Alarcon Alarcon, Florentina"]
[Black "Calcino, Luis"]
[Result "0-1"]
[WhiteElo "1362"]
[BlackElo "1687"]
[PlyCount "102"]

1. e4 g6 2. d4 Bg7 3. Nf3 d6 4. Nc3 a6 5. h3 Nd7 6. Be3 c6 7. Qd2 Ngf6 8. Be2
b5 9. O-O b4 10. Nd1 O-O 11. Bd3 Rb8 12. Bh6 c5 13. Bxg7 Kxg7 14. dxc5 Nxc5 15.
Qe3 Bb7 16. Nd2 Qc7 17. Re1 Rfd8 18. f3 e5 19. Nf2 Rbc8 20. Nf1 h5 21. Ng3 Na4
22. Nf5+ Kg8 23. Qh6 Ne8 24. Qg5 Rd7 25. b3 Nc5 26. Bc4 Qd8 27. Qxd8 Rcxd8 28.
Ne3 Nf6 29. Nd3 a5 30. Nd5 Nxd5 31. exd5 Rc7 32. Rad1 Nd7 33. f4 f6 34. fxe5
fxe5 35. Nf2 Nb6 36. Re4 Nxc4 37. bxc4 Rdc8 38. Re2 Rxc4 39. Rdd2 Kf7 40. Ne4
Ke7 41. Ng5 Rf8 42. Ne4 Rf4 43. Nf2 Rfd4 44. Rxd4 Rxd4 45. Nd3 Bxd5 46. g3 a4
47. Nf4 Bxa2 48. Nxg6+ Kf6 49. Nh4 Bd5 50. Rf2+ Ke6 51. Nf5 Rd1+ 0-1

[Event "Tournoi Skype 029A"]
[Site "Skype"]
[Date "????.??.??"]
[Round "4.13"]
[White "Lambert, Pierre"]
[Black "Bagayatkar, Madan"]
[Result "1-0"]
[WhiteElo "1647"]
[BlackElo "1443"]
[PlyCount "107"]

1. e4 e5 2. Nf3 Nc6 3. d4 exd4 4. Nxd4 Bc5 5. Be3 Bxd4 6. Bxd4 Nf6 7. Nc3 d6 8.
Be2 Qe7 9. f3 Bd7 10. O-O O-O 11. Be3 Ne5 12. Qe1 c6 13. Rd1 Rad8 14. Bxa7 c5
15. Bb6 Rc8 16. Nd5 Nxd5 17. Rxd5 Bc6 18. Rd1 Ng6 19. Qd2 f5 20. Qxd6 Qxd6 21.
Rxd6 fxe4 22. fxe4 Bxe4 23. Bc4+ Kh8 24. Rxf8+ Rxf8 25. Bd3 Bxd3 26. Rxd3 Ne5
27. Bxc5 Nxd3 28. Bxf8 Nxb2 29. Kf2 Kg8 30. Bb4 Nc4 31. Ke2 Kf7 32. Kd3 Nb6 33.
Bc5 Nd7 34. Bd4 g6 35. a4 Ke6 36. Ke4 Nb8 37. a5 Nc6 38. Bc3 Ne7 39. g4 Nc6 40.
h4 Ne7 41. Kd4 Nd5 42. Bd2 Nf6 43. g5 Nd7 44. Kc4 Kd6 45. Kb5 Kd5 46. c4+ Kd4
47. Bb4 Ne5 48. c5 Nc6 49. a6 Kd5 50. axb7 Nb8 51. Be1 Nc6 52. Bg3 Nd4+ 53. Kb6
Nc6 54. b8=Q 1-0

[Event "Tournoi Skype 029A"]
[Site "Skype"]
[Date "????.??.??"]
[Round "4.15"]
[White "Teles, Jeferson Lisboa"]
[Black "Junqueira, Leonardo De Faria"]
[Result "1-0"]
[WhiteElo "1599"]
[BlackElo "1408"]
[PlyCount "135"]

1. e4 d5 2. exd5 Qxd5 3. Nc3 Qa5 4. Nf3 c6 5. a3 Nf6 6. Bc4 Bg4 7. O-O e6 8. d4
Bd6 9. Bd2 Qc7 10. h3 Bh5 11. Bb3 Nbd7 12. Re1 O-O 13. Bg5 Bf4 14. Bxf4 Qxf4
15. Qd3 Bxf3 16. Qxf3 Qxd4 17. Rad1 Qb6 18. Na4 Qc7 19. Qe3 Rfe8 20. Nc3 Rad8
21. Qxa7 Qb6 22. Qa4 Nc5 23. Qc4 Nd5 24. Na4 Nxa4 25. Qxa4 Nf6 26. Qf4 Re7 27.
Ba4 Red7 28. Rxd7 Rxd7 29. c3 Qd8 30. b4 Nd5 31. Qg3 Nb6 32. Bc2 Rd2 33. Bb3 g6
34. c4 Rd3 35. Re3 Rd2 36. c5 Nd5 37. Rd3 Rxd3 38. Qxd3 Qg5 39. g3 Qc1+ 40. Bd1
Qb2 41. Kg2 Kg7 42. Bf3 Qc3 43. Qxc3+ Nxc3 44. Kf1 Nb5 45. a4 Nd4 46. Bd1 Kf6
47. f4 e5 48. Kf2 exf4 49. gxf4 Kf5 50. Ke3 Ne6 51. Bg4+ Kf6 52. Ke4 Nd8 53.
Bc8 Ke7 54. b5 cxb5 55. axb5 f6 56. Kd5 g5 57. fxg5 fxg5 58. c6 bxc6+ 59. bxc6
Nxc6 60. Kxc6 h5 61. Kd5 Kf6 62. Ke4 g4 63. Bxg4 hxg4 64. hxg4 Kg5 65. Kf3 Kf6
66. Kf4 Kg6 67. g5 Kf7 68. Kf5 1-0

[Event "Tournoi Skype 029A"]
[Site "Skype"]
[Date "????.??.??"]
[Round "4.16"]
[White "Pouteau, Pascal"]
[Black "Gungor, Gokhan"]
[Result "0-1"]
[WhiteElo "1345"]
[BlackElo "1579"]
[PlyCount "44"]

1. d4 Nf6 2. c4 e5 3. d5 Bc5 4. Nf3 d6 5. e3 Bg4 6. Be2 Nbd7 7. Qb3 O-O 8. O-O
e4 9. Nd4 Ne5 10. Bxg4 Nfxg4 11. h3 Nh6 12. Qc2 Qh4 13. Nd2 Nd3 14. f4 Rae8 15.
Nxe4 Nxc1 16. Ng5 g6 17. Raxc1 Rxe3 18. Rcd1 Rfe8 19. Qf2 Qxf2+ 20. Kxf2 Re2+
21. Kg3 Bxd4 22. Rxd4 Nf5+ 0-1

[Event "Tournoi Skype 029A"]
[Site "Skype"]
[Date "????.??.??"]
[Round "4.17"]
[White "Alvarez, Juan Evangelista"]
[Black "Gharbi, Said"]
[Result "1/2-1/2"]
[WhiteElo "1575"]
[BlackElo "1335"]
[PlyCount "98"]

1. d4 e5 2. dxe5 Nc6 3. Nf3 Qe7 4. Bd2 Nxe5 5. Nc3 Nxf3+ 6. gxf3 Nf6 7. Bg5 h6
8. Nd5 Qd8 9. Nxf6+ gxf6 10. Bh4 d6 11. Qd4 Be7 12. Qe4 d5 13. Qe3 Be6 14.
O-O-O Qd7 15. f4 O-O-O 16. Bg2 d4 17. Qd3 Bxa2 18. Bh3 Be6 19. f5 Bd5 20. Rhf1
Ba2 21. e3 Qd6 22. Bg3 Qc6 23. exd4 Bc4 24. Qc3 Bxf1 25. Qxc6 bxc6 26. Rxf1
Rxd4 27. Bg2 Kb7 28. b3 a5 29. Kb2 a4 30. Kc3 Rhd8 31. bxa4 Rxa4 32. Rb1+ Kc8
33. Bxc6 Ra7 34. Bf4 Bf8 35. Be3 Ra3+ 36. Kc4 Rd6 37. Kb5 Rc3 38. Be4 Rxe3 39.
fxe3 Rb6+ 40. Ka5 Rxb1 41. c4 Bc5 42. Bxb1 Bxe3 43. Kb5 Kd7 44. c5 Bf4 45. h3
h5 46. Ba2 h4 47. Bxf7 Be5 48. Be6+ Kd8 49. Kc6 Bf4 1/2-1/2

[Event "Tournoi Skype 029A"]
[Site "Skype"]
[Date "????.??.??"]
[Round "4.18"]
[White "Chavero, Victor"]
[Black "Cayllahua, Braulio Idme"]
[Result "0-1"]
[WhiteElo "1283"]
[BlackElo "1569"]
[PlyCount "100"]

1. d4 d5 2. Nf3 g6 3. e3 Nf6 4. b3 Bg7 5. Bb2 O-O 6. Bd3 Re8 7. Nbd2 Nbd7 8.
O-O Nf8 9. e4 dxe4 10. Nxe4 c6 11. Nxf6+ Bxf6 12. h3 Ne6 13. Re1 Nxd4 14. Nxd4
Bxd4 15. c3 Bg7 16. Qc2 Qc7 17. Re2 Bd7 18. Rae1 e6 19. Be4 Rad8 20. Bf3 Bc8
21. Bg4 b6 22. f4 Qxf4 23. Rf1 Qc7 24. c4 Bxb2 25. Qxb2 Qd6 26. Qf6 Qd4+ 27.
Ref2 Qxf6 28. Rxf6 Rd7 29. Bf3 Rc7 30. Be4 Rd8 31. Bxc6 Rxc6 32. Rxf7 a5 33.
Ra7 Rcd6 34. Rff7 R6d7 35. Rfxd7 Rxd7 36. Ra8 Rc7 37. Rb8 Rc6 38. Kf2 Kf7 39.
Ke3 Ke7 40. Kd4 Kd7 41. Ra8 Kc7 42. Ra7+ Bb7 43. b4 Kb8 44. b5 Rc7 45. Rxb7+
Kxb7 46. a4 Rc5 47. Kd3 Kc7 48. Kd4 Kd6 49. Kd3 Ke5 50. g3 g5 0-1

[Event "Tournoi Skype 029A"]
[Site "Skype"]
[Date "????.??.??"]
[Round "4.19"]
[White "Navghane, Rahul"]
[Black "Khetre, Gaurav"]
[Result "1/2-1/2"]
[WhiteElo "1026"]
[BlackElo "1540"]
[PlyCount "144"]

1. b3 d5 2. Bb2 c5 3. e3 a6 4. c4 d4 5. exd4 cxd4 6. d3 e5 7. Nf3 Nc6 8. Be2
Bd6 9. Nbd2 b5 10. O-O b4 11. Ne4 Be7 12. a3 Nf6 13. Nxf6+ Bxf6 14. axb4 Nxb4
15. Ba3 Qb6 16. Qd2 Nc6 17. h3 Bb7 18. Rfe1 Rd8 19. b4 Qc7 20. Rac1 O-O 21. b5
Ne7 22. bxa6 Bxa6 23. Nh2 Rfe8 24. Ng4 Kh8 25. Nxf6 gxf6 26. Bh5 Nc6 27. Qe2
Rg8 28. Qf3 Bb7 29. Qxf6+ Rg7 30. Rcd1 Kg8 31. Bc1 Ne7 32. f3 e4 33. dxe4 d3
34. Bh6 Qc5+ 35. Kh1 Qd4 36. Qxd4 Rxd4 37. Bxg7 Kxg7 38. Rd2 Ba6 39. Ra1 Bxc4
40. Ra7 Nc6 41. Rc7 Rd6 42. f4 Na5 43. Rc5 Ra6 44. Rg5+ Kf8 45. Bd1 Nc6 46. Rc5
Na5 47. Ba4 Kg7 48. Rg5+ Kf8 49. Rb2 Rd6 50. Rb8+ Ke7 51. Re5+ Kf6 52. g4 h6
53. h4 d2 54. g5+ hxg5 55. hxg5+ Kg7 56. Rb1 Be2 57. Bd1 Bxd1 58. Rxd1 Nc4 59.
Rd5 Re6 60. e5 Ra6 61. Rd4 Rc6 62. Kg1 Kg6 63. Kf2 Rc7 64. Kg3 Kf5 65. R1xd2
Nxd2 66. Rxd2 Rc3+ 67. Kg2 Kxf4 68. g6 Rg3+ 69. Kf1 Rxg6 70. Rf2+ Kxe5 71. Rxf7
Rf6+ 72. Rxf6 Kxf6 1/2-1/2

[Event "Tournoi Skype 029A"]
[Site "Skype"]
[Date "????.??.??"]
[Round "4.21"]
[White "Perrone, Gabriel Lorenzo"]
[Black "Legueltel, Daniel"]
[Result "1/2-1/2"]
[WhiteElo "1377"]
[BlackElo "1753"]
[PlyCount "46"]

1. d4 d5 2. c4 e6 3. Nc3 Nf6 4. Nf3 b6 5. cxd5 exd5 6. Bg5 Be7 7. e3 Nbd7 8.
Bb5 O-O 9. O-O h6 10. Bf4 Bb7 11. Ba4 c5 12. Bc2 Rc8 13. Rc1 cxd4 14. Nxd4 Nc5
15. Bf5 Ncd7 16. Ncb5 Rxc1 17. Qxc1 Nc5 18. a3 Ba6 19. Nc6 Qe8 20. Nxe7+ Qxe7
21. Bd6 Qb7 22. Bxf8 Bxb5 23. Rd1 Kxf8 1/2-1/2

[Event "Tournoi Skype 029A"]
[Site "Skype"]
[Date "????.??.??"]
[Round "4.23"]
[White "Ram, Madhukesh"]
[Black "Karia, Vijay"]
[Result "1-0"]
[WhiteElo "1243"]
[BlackElo "1482"]
[PlyCount "95"]

1. e4 d5 2. exd5 Qxd5 3. d4 e5 4. Nc3 Bb4 5. Bd2 Qxd4 6. Nf3 Qd6 7. Bc4 Bg4 8.
Bxf7+ Kf8 9. Bb3 Nc6 10. Ne4 Bxd2+ 11. Qxd2 Qxd2+ 12. Nexd2 a6 13. h3 Bh5 14.
O-O Nf6 15. Rfe1 Rd8 16. g4 Bf7 17. Bxf7 Kxf7 18. Rad1 Rhe8 19. Nc4 e4 20. Rxd8
Nxd8 21. Nfd2 Nc6 22. Ne3 Rd8 23. Ndc4 b5 24. Na3 Nd4 25. Kf1 Nf3 26. Re2 h6
27. c3 Kg6 28. Nac2 Nh7 29. Nf5 h5 30. Ncd4 hxg4 31. hxg4 Nf6 32. Nxf3 exf3 33.
Nh4+ Kg5 34. Nxf3+ Kxg4 35. Ne5+ Kf5 36. Nc6 Rd6 37. Ne7+ Kf4 38. Ng6+ Kg5 39.
Ne5 Kf5 40. Nd3 Kg4 41. Nc5 Kf4 42. Re3 Rd2 43. Re2 Rd6 44. Ke1 g6 45. Re6
Rxe6+ 46. Nxe6+ Ke5 47. Nc5 Kd6 48. Nxa6 1-0

[Event "Tournoi Skype 029A"]
[Site "Skype"]
[Date "????.??.??"]
[Round "4.24"]
[White "Vasquez Cienfuegos, Oscar"]
[Black "Marino, Giuseppe"]
[Result "1/2-1/2"]
[WhiteElo "1470"]
[BlackElo "1339"]
[PlyCount "84"]

1. Nf3 d5 2. e3 Bf5 3. d4 Nf6 4. c4 c6 5. Nc3 e6 6. cxd5 exd5 7. Bd3 Bxd3 8.
Qxd3 Bd6 9. O-O O-O 10. h3 h6 11. Re1 Re8 12. e4 dxe4 13. Nxe4 Nxe4 14. Rxe4
Rxe4 15. Qxe4 Nd7 16. Be3 Nf6 17. Qh4 Nh7 18. Qg4 Qf6 19. Rc1 Rd8 20. Nh4 Nf8
21. Nf5 Qg6 22. Qh4 Rd7 23. Qe4 Qf6 24. g4 g5 25. Rf1 Rd8 26. f4 gxf4 27. Bxf4
Bxf4 28. Rxf4 Qe6 29. Qxe6 Nxe6 30. Nxh6+ Kg7 31. Nf5+ Kf8 32. Rf2 Nxd4 33.
Nxd4 Rxd4 34. Kg2 a6 35. Kg3 Rd3+ 36. Rf3 Rd6 37. g5 Kg7 38. h4 Kg6 39. Kg4
Rd4+ 40. Kg3 Rd6 41. Kg4 Rd4+ 42. Kg3 Rd6 1/2-1/2

[Event "Tournoi Skype 029A"]
[Site "Skype"]
[Date "????.??.??"]
[Round "4.26"]
[White "Castillo, Jesus"]
[Black "Yardimci, Ertan"]
[Result "1-0"]
[WhiteElo "1557"]
[BlackElo "1208"]
[PlyCount "113"]

1. e4 c6 2. d4 d5 3. exd5 cxd5 4. Bd3 Nf6 5. h3 Nc6 6. c3 e6 7. Bg5 Be7 8. Nf3
h6 9. Bh4 Ne4 10. Bxe7 Qxe7 11. Nbd2 Nf6 12. Nf1 e5 13. dxe5 Nxe5 14. Nxe5
Qxe5+ 15. Ne3 Be6 16. O-O O-O 17. Re1 Qc7 18. Qf3 Rad8 19. Bf5 Bxf5 20. Nxf5
Rfe8 21. Nxh6+ Kf8 22. Nf5 Rxe1+ 23. Rxe1 Re8 24. Rxe8+ Kxe8 25. Nxg7+ Ke7 26.
Nf5+ Kf8 27. Qe3 Ng8 28. Qxa7 Qc8 29. Qd4 Qxf5 30. Qb4+ Ne7 31. Qxb7 Qb1+ 32.
Kh2 Qxa2 33. Qb8+ Kg7 34. Qg3+ Kf8 35. b4 Qc4 36. h4 Nf5 37. Qb8+ Kg7 38. Qe5+
Kg6 39. h5+ Kg5 40. g3 Qd3 41. Qf4+ Kxh5 42. g4+ Kg6 43. Qxf5+ Qxf5 44. gxf5+
Kxf5 45. Kg3 Ke5 46. f4+ Kd6 47. Kf3 Kc6 48. Ke3 Kb5 49. Kd4 Kc6 50. c4 dxc4
51. Kxc4 f5 52. Kd4 Kb5 53. Ke5 Kxb4 54. Kxf5 Kc5 55. Ke6 Kc6 56. f5 Kc7 57.
Ke7 1-0

[Event "Tournoi Skype 029A"]
[Site "Skype"]
[Date "????.??.??"]
[Round "4.27"]
[White "Frances, Carlos Alberto"]
[Black "Lovell, Stan"]
[Result "1/2-1/2"]
[WhiteElo "1324"]
[BlackElo "1575"]
[PlyCount "135"]

1. d4 Nf6 2. Nf3 g6 3. c4 Bg7 4. Nc3 d5 5. cxd5 Nxd5 6. e4 Nxc3 7. bxc3 O-O 8.
Be2 c5 9. O-O Nc6 10. Be3 cxd4 11. cxd4 b6 12. Rc1 Bd7 13. Qd2 Re8 14. Rfd1 Rc8
15. d5 Ne5 16. Nxe5 Bxe5 17. Bd4 Rxc1 18. Rxc1 Qb8 19. g3 Rd8 20. Qb2 Bxd4 21.
Qxd4 Rc8 22. Rc3 Rxc3 23. Qxc3 Qc8 24. Qxc8+ Bxc8 25. f4 Kf8 26. Kf2 Ke8 27.
Ke3 Kd8 28. Kd4 a6 29. e5 Ke8 30. a3 Kd8 31. Bc4 Kd7 32. Bb3 Kd8 33. a4 Kd7 34.
a5 bxa5 35. Kc5 Kc7 36. d6+ exd6+ 37. exd6+ Kd8 38. Kb6 Be6 39. Ba4 Bc4 40.
Kxa5 Bb5 41. Bb3 Kd7 42. Bxf7 Kxd6 43. Bg8 h6 44. h4 h5 45. Bf7 Bd3 46. Kb4 Ke7
47. Bd5 Kf6 48. Bf3 Kf5 49. Bd1 Ke4 50. Kc3 Ke3 51. Bb3 Bf5 52. Bd1 Kf2 53. Kd2
Kxg3 54. Ke3 Kxh4 55. Kf2 a5 56. Kg2 g5 57. fxg5 Kxg5 58. Kg3 h4+ 59. Kh2 Bd7
60. Bb3 a4 61. Ba2 a3 62. Bc4 Kf4 63. Bb3 Bf5 64. Ba2 Ke3 65. Bb3 Bb1 66. Kh3
a2 67. Bxa2 Bxa2 68. Kxh4 1/2-1/2

[Event "Tournoi Skype 029A"]
[Site "Skype"]
[Date "????.??.??"]
[Round "4.28"]
[White "Kruk, Clementine"]
[Black "Mishra, Sourabh"]
[Result "0-1"]
[WhiteElo "1293"]
[BlackElo "1564"]
[PlyCount "132"]

1. e4 c5 2. Nc3 Nc6 3. Bb5 Nd4 4. Bc4 a6 5. a4 d6 6. Nf3 Bg4 7. Be2 Nxe2 8.
Qxe2 Nf6 9. d3 g6 10. h3 Bd7 11. O-O Bg7 12. Be3 O-O 13. Rad1 Rc8 14. Nd2 e6
15. Nc4 d5 16. e5 Ne8 17. Nd6 Nxd6 18. exd6 d4 19. Ne4 dxe3 20. Qxe3 Bd4 21.
Qg3 Bc6 22. b3 f5 23. Ng5 Qf6 24. Rfe1 Bd7 25. Re2 f4 26. Qh4 Rf7 27. Qh6 Qg7
28. Qxg7+ Rxg7 29. Nxe6 Re8 30. Nxd4 cxd4 31. Rxe8+ Bxe8 32. Re1 Kf8 33. a5 Rd7
34. Re4 Rxd6 35. Rxf4+ Bf7 36. Kf1 Kg7 37. b4 h5 38. g3 g5 39. Re4 Be6 40. h4
g4 41. Ke2 Kg6 42. Kd2 Ba2 43. Kc1 Bf7 44. Kb2 Be6 45. Ka3 Kf6 46. Kb2 Rd5 47.
c3 dxc3+ 48. Kxc3 Bf5 49. Rf4 Rxd3+ 50. Kc4 Rd2 51. Kc5 Ke5 52. Kb6 Be4 53. Kc5
Rc2+ 54. Kb6 Rc4 55. Rf8 Rxb4+ 56. Kc5 Rb5+ 57. Kc4 Bd5+ 58. Kc3 Rxa5 59. Rh8
Ra2 60. Rxh5+ Kd6 61. Rf5 Bf3 62. h5 Rxf2 63. Kd4 Rh2 64. Ke3 Ke6 65. Kf4 b5
66. Kg5 Rxh5+ 0-1

[Event "Tournoi Skype 029A"]
[Site "Skype"]
[Date "????.??.??"]
[Round "4.29"]
[White "Hague, Mark"]
[Black "Le Brun, Yves"]
[Result "1-0"]
[WhiteElo "1525"]
[BlackElo "1335"]
[PlyCount "81"]

1. d4 d5 2. c4 c6 3. cxd5 Qxd5 4. Nc3 Qd8 5. e4 Nf6 6. Nf3 Bg4 7. Be2 h6 8. Be3
Nbd7 9. e5 Nd5 10. Nxd5 cxd5 11. Rc1 e6 12. a3 Be7 13. h3 Bf5 14. O-O O-O 15.
Qd2 Kh7 16. Rc3 Nb6 17. Bd3 Bxd3 18. Qxd3+ g6 19. Nd2 Rc8 20. Rfc1 Qd7 21. b4
Rxc3 22. Rxc3 Na4 23. Rc2 Rc8 24. Qb3 Rxc2 25. Qxc2 b5 26. Nb3 Nb6 27. Nc5 Qc7
28. Qc1 Bxc5 29. Qxc5 Qxc5 30. bxc5 Nc4 31. Bc1 a5 32. Kf1 g5 33. g4 Kg7 34.
Ke2 Kf8 35. Kd3 Ke7 36. Kc3 Kd7 37. Kb3 Kc6 38. a4 b4 39. f4 Kc7 40. fxg5 f5
41. Be3 1-0

[Event "Tournoi Skype 029A"]
[Site "Skype"]
[Date "????.??.??"]
[Round "4.30"]
[White "L'Herbon De Lussats, Jean"]
[Black "Garcia Diaz, Jose"]
[Result "0-1"]
[WhiteElo "1259"]
[BlackElo "1506"]
[PlyCount "108"]

1. d4 Nf6 2. c4 e6 3. g3 d5 4. Bg2 c6 5. Nf3 Be7 6. O-O O-O 7. Qc2 Re8 8. Bf4
Nbd7 9. Nbd2 dxc4 10. Nxc4 Nd5 11. Bd6 Bf6 12. e4 N5b6 13. e5 Nxc4 14. Qxc4 Be7
15. Bxe7 Qxe7 16. Qd3 Nb6 17. Rfe1 Nd5 18. a3 b6 19. b4 a5 20. h4 axb4 21. axb4
Rxa1 22. Rxa1 Nxb4 23. Qb1 c5 24. dxc5 bxc5 25. Ng5 g6 26. f4 Bb7 27. Ra7 Rb8
28. Ne4 Qc7 29. Nd6 Qb6 30. Rxb7 Rxb7 31. Bxb7 Qa7 32. Kh2 Qa3 33. Qe4 Qa2+ 34.
Kh3 Qb3 35. Qc4 Qxc4 36. Nxc4 Kg7 37. Kg4 f6 38. Bc8 Kf7 39. Nd6+ Ke7 40. Ne4
f5+ 41. Kg5 fxe4 42. Bb7 e3 43. Bf3 Nd5 44. Be2 Nc3 45. Kg4 Nxe2 46. Kf3 Nd4+
47. Kxe3 Kd7 48. Kd3 Kc6 49. Kc4 Nf5 50. g4 Ne3+ 51. Kd3 Nxg4 52. Ke4 Nh6 53.
Kf3 Kd5 54. Ke3 Nf5+ 0-1

[Event "Tournoi Skype 029A"]
[Site "Skype"]
[Date "????.??.??"]
[Round "4.31"]
[White "Quispe, Alberto"]
[Black "Hurtado De Mendoza, Ramon Miguel"]
[Result "1-0"]
[WhiteElo "1230"]
[BlackElo "1487"]
[PlyCount "47"]

1. d4 Nf6 2. c4 d5 3. e3 e6 4. Nc3 Be7 5. Nf3 O-O 6. Bd3 c6 7. O-O b6 8. h3 Bb7
9. Re1 Na6 10. a3 c5 11. cxd5 exd5 12. Bd2 cxd4 13. Nxd4 Nc5 14. Bc2 Nce4 15.
Nxe4 dxe4 16. Rc1 Nd7 17. Bb3 Nc5 18. Bc2 Bf6 19. Bc3 Re8 20. b4 Nd7 21. Ba4
Re7 22. Nf5 Ne5 23. Qxd8+ Rxd8 24. Nxe7+ 1-0

[Event "Tournoi Skype 029A"]
[Site "Skype"]
[Date "????.??.??"]
[Round "4.32"]
[White "Bendre, Pankaj"]
[Black "Sequeda Pimiento, Javier Ricardo"]
[Result "0-1"]
[WhiteElo "1182"]
[BlackElo "1419"]
[PlyCount "76"]

1. d4 Nf6 2. Nf3 g6 3. e3 Bg7 4. c4 O-O 5. c5 d6 6. cxd6 cxd6 7. Nc3 Bg4 8. Be2
Bxf3 9. Bxf3 Nc6 10. a3 e5 11. d5 Ne7 12. e4 a6 13. O-O Ne8 14. Bg4 f5 15. exf5
Nxf5 16. Ne4 Nh6 17. Bf3 Nf5 18. Bg5 Qb6 19. Qd2 Nd4 20. Rab1 Nxf3+ 21. gxf3
Rxf3 22. Be3 Qd8 23. Ng5 Rxe3 24. Qxe3 Bh6 25. h4 Nf6 26. Qd3 Nh5 27. Nf3 Nf4
28. Qe4 Qd7 29. Nh2 Qh3 30. Kh1 Qxh4 31. Qb4 Qh3 32. Rg1 Nd3 33. Qb6 Bf4 34.
Rg2 Bxh2 35. Rxh2 Qf3+ 36. Kg1 Rf8 37. Rf1 Nf4 38. Qxb7 Ne2# 0-1

[Event "Tournoi Skype 029A"]
[Site "Skype"]
[Date "????.??.??"]
[Round "4.34"]
[White "Khunte, Aniruddha"]
[Black "Pasasin, Alejandro"]
[Result "1-0"]
[WhiteElo "1174"]
[BlackElo "1347"]
[PlyCount "123"]

1. e4 e5 2. Nf3 Nf6 3. Nxe5 d6 4. Nf3 Nxe4 5. Nc3 Nf6 6. Bc4 Be7 7. O-O O-O 8.
Re1 Bg4 9. Nd5 Nbd7 10. Nxe7+ Kh8 11. Nd5 Nxd5 12. Bxd5 c6 13. Bb3 Nf6 14. d4
h6 15. c3 Qd7 16. Bf4 d5 17. Bc2 Rac8 18. Qd3 Ne4 19. Nd2 Nf6 20. Be5 Bf5 21.
Qxf5 Qxf5 22. Bxf5 Rce8 23. Nf3 Ng8 24. Bd6 Rxe1+ 25. Rxe1 Rd8 26. Bc7 Rf8 27.
Ne5 g6 28. Bxg6 Rc8 29. Nxf7+ Kg7 30. Nd6 Rxc7 31. Ne8+ Kxg6 32. Nxc7 Nf6 33.
Ne8 Ne4 34. Nd6 Nxd6 35. Re6+ Kf5 36. Rxd6 Ke4 37. Kf1 Kd3 38. Re6 a5 39. Ke1
a4 40. Re3+ Kc4 41. Kd2 c5 42. b3+ axb3 43. axb3+ Kxb3 44. dxc5 Kc4 45. Re7
Kxc5 46. Rxb7 Kc6 47. Rh7 Kc5 48. Rxh6 d4 49. cxd4+ Kxd4 50. Rh5 Kc4 51. Ke3
Kb4 52. Kd4 Kb3 53. Rb5+ Kc2 54. Kc4 Kd2 55. Rf5 Kc2 56. Re5 Kd2 57. Re3 Kc2
58. Re2+ Kd1 59. Kd3 Kc1 60. Re8 Kd1 61. Kc3 Kc1 62. Re1# 1-0